00280nam a2200109Ia 4500100001800000650002700018654002500045245004200070260003300112082001300145546001200158 aTaylor /F.J.  aElectrical Engineering aSignals & structures aPrinciples of Signals & Structures bMc Graw HillaNew Yorkc1994 a621.3822 aENGLISH